000 00859nas a2200289 4500
001 BR2016002129
003 BR-BrBNA
005 20231205130407.0
007 ta
008 230509b bl.|||p| |||| 00| 00por d
040 _aBR-BrBNA
_bpor
_cBiblioteca Nacional de Agricultura
041 _a(Pt)
072 _aM12; L73
100 1 _aPádua, S.B. de
100 1 _aMenezes Filho, R.N. de
245 1 _aControle e erradicação de doenças na produção de alevinos de tilápia
650 _aALEVINO
650 _aTILÁPIA
650 _aCRIAÇÃO
650 _aVETERINÁRIA
650 _aPISCICULTURA
650 _aDOENÇA ANIMAL
650 _aPARASITO ANIMAL
773 0 _tPanorama da Aquicultura (Brazil)
_xISSN 1519-1141
_g(Jul-Aug 2015), v. 25(150) p. 56-59
_wBR2016002129
909 _a202311
_bLúcia
_c55
_dLúcia Elande
942 _2AGRIS
_n0
_cANA
999 _c249208
_d249208